Comparing the effect of liquid and fermented liquid feed on performance of growing pigs at rua, ប្រៀបធៀបឥទ្ធពលនៃការពង្រាវចំណី និងការបន្ថែមមេល្បើងទៅលើការលូតលាស់របស់ជ្រូកសាច់នៅសាកលវិទ្យាល័យភូមិន្ទកសិកម្ម (Record no. 2030)

000 -LEADER
fixed length control field 00768nam a22001577a 4500
003 - CONTROL NUMBER IDENTIFIER
control field OSt
005 - DATE AND TIME OF LATEST TRANSACTION
control field 20151006134938.0
008 - FIXED-LENGTH DATA ELEMENTS--GENERAL INFORMATION
fixed length control field 151006b xxu||||| |||| 00| 0 eng d
040 ## - CATALOGING SOURCE
Transcribing agency RUA
082 ## - DEWEY DECIMAL CLASSIFICATION NUMBER
Classification number AVM CHI 2006 B076 Or.1
100 ## - MAIN ENTRY--PERSONAL NAME
9 (RLIN) 2159
Personal name CHIM, VASEY.
245 ## - TITLE STATEMENT
Title Comparing the effect of liquid and fermented liquid feed on performance of growing pigs at rua, ប្រៀបធៀបឥទ្ធពលនៃការពង្រាវចំណី និងការបន្ថែមមេល្បើងទៅលើការលូតលាស់របស់ជ្រូកសាច់នៅសាកលវិទ្យាល័យភូមិន្ទកសិកម្ម
260 ## - PUBLICATION, DISTRIBUTION, ETC. (IMPRINT)
Place of publication, distribution, etc. Phnom Penh
Name of publisher, distributor, etc. RUA
Date of publication, distribution, etc. 2006
300 ## - PHYSICAL DESCRIPTION
Extent 34p.
Other physical details ill.
Dimensions 29cm.
942 ## - ADDED ENTRY ELEMENTS (KOHA)
Source of classification or shelving scheme
Koha item type AVM
Holdings
Price effective from Date last seen Permanent Location Not for loan Date acquired Source of classification or shelving scheme Koha item type Lost status Withdrawn status Date last checked out Total Checkouts Shelving location Damaged status Barcode Current Location Full call number
2015-10-062015-10-06Library Block B 2015-10-06 AVM    B076 RUA008903Library Block BAVM CHI 2006 B076 Or.1
2015-10-062019-03-26Library Block B 2015-10-06 AVM  2019-03-051B076 RUA007808Library Block BAVM CHI 2006 B076 Or.2
2015-10-062015-10-06Library Block B 2015-10-06 AVM    B076 RUA007784Library Block BAVM CHI 2006 B076 Or.3
2015-10-062019-01-14Library Block B 2015-10-06 AVM  2019-01-021B076 RUA008606Library Block BAVM CHI 2006 B076 Or.4
2015-10-062015-10-06Library Block B 2015-10-06 AVM    B076 RUA008534Library Block BAVM CHI 2006 B076 Or.5
មជ្ឈមណ្ឌលឯការនៃសាកលវិទ្យាល័យភូមិន្ទកសិកម្មចំការដូង

Powered by Koha